| 000 | 00365nam a2200133Ia 4500 | ||
|---|---|---|---|
| 005 | 20260328104253.0 | ||
| 008 | 260328s9999||||xx |||||||||||||| ||und|| | ||
| 100 | _aPlanet, Lonely | ||
| 245 | 4 |
_aThe Cities Book : _b A journey Through the best Cities in the World / _cLonely Planet |
|
| 260 | _bLonely Planet | ||
| 300 | _a422 p. | ||
| 650 | _aCIUDAD | ||
| 942 | _cBK | ||
| 999 |
_c10329 _d10329 |
||